000
00277nam a2200121Ia 4500
005
20251222141846.0
008
251222s9999||||xx |||||||||||||| ||spa||
082
_a
913.852.7/S47/2003
100
_a
Shady SolĂs, Ruth
245
0
_a
Caral Supe:
250
_a
1ra.ed.
942
_c
LIB
999
_c
7587
_d
7587